Крик из гробницы: Роман

מידע ביבליוגרפי
מחבר ראשי: Кубеев М. Михаил
סיכום:Исключено из фонда НТБ ТПУ
שפה:רוסית
יצא לאור: Москва, Вече, 1996
סדרה:Зона риска
פורמט: ספר
KOHA link:https://koha.lib.tpu.ru/cgi-bin/koha/opac-detail.pl?biblionumber=5951

MARC

LEADER 00000nam0a2200000 4500
001 5951
005 20231030175835.0
010 |a 571410272X 
035 |a (RuTPU)RU\TPU\book\5980 
035 |a BOOK00006033 
090 |a 5951 
100 |a 20011209d1996 m y0rusy50 ca 
101 0 |a rus 
102 |a RU 
105 |a y z 000ay 
200 1 |a Крик из гробницы  |e Роман  |f М. Кубеев 
210 |a Москва  |c Вече  |c АСТ  |d 1996 
215 |a 512 с. 
225 1 |a Зона риска 
333 |a Исключено из фонда НТБ ТПУ 
700 1 |a Кубеев  |b М.  |g Михаил 
801 0 |a RU  |b 63413507  |c 20011209  |g PSBO 
801 2 |a RU  |b 63413507  |c 20170907  |g PSBO 
942 |c BK